000 00582nam a22001937a 4500
008 251111b a|||| |||| 00| 0 eng d
020 _a0139466096
040 _aAR-FvUNAJ
_dAR-FvUNAJ
_eaacr2
082 0 0 _220
_a622.3382
100 1 _922019
_aGolan, Michael
245 1 0 _aWell performance /
_cMichael Golan, Curtis H. Whitson.
250 _a2nd.ed.
260 _aEnglewood Cliffs, N.J. :
_bPrentice Hall,
_cc1991.
300 _aix, 669 p.
_bill.
650 0 _95260
_aPOZOS DE PETROLEO
650 0 _91031
_aPETRÓLEO
700 1 _922020
_aWhitson, Curtis H
942 _2ddc
_cLIBRO
999 _c11159
_d11159
980 _62
_aVirginia Figueroa
_82
_gVirginia Figueroa